Indice de pronóstico y de los resultados definitivos proporcionados por el tratamiento... / (Record no. 144046)

MARC details
000 -LEADER
campo de control de longitud fija 00606nam a2200169 4500
001 - NÚMERO DE CONTROL
campo de control 144046
003 - IDENTIFICADOR DE NÚMERO DE CONTROL
campo de control ES-MaACL
005 - FECHA Y HORA DE LA ÚLTIMA TRANSACCIÓN
campo de control 20230906200930.0
007 - CAMPO FIJO DE DESCRIPCIÓN FÍSICA--INFORMACIÓN GENERAL
campo de control de longitud fija t|
008 - DATOS DE LONGITUD FIJA--INFORMACIÓN GENERAL
campo de control de longitud fija 070214s1917 sp r ||||1| spa d
245 00 - MENCIÓN DEL TÍTULO
Título Indice de pronóstico y de los resultados definitivos proporcionados por el tratamiento... /
Mención de responsabilidad, etc. bajo la dirección de Arthur Rendle Short ; traducción de Francisco Tous Biaggi.
260 ## - PUBLICACIÓN, DISTRIBUCIÓN, ETC.
Lugar de publicación, distribución, etc. Barcelona :
Nombre del editor, distribuidor, etc. Manuel Marin,
Fecha de publicación, distribución, etc. 1917.
300 ## - DESCRIPCIÓN FÍSICA
Extensión XVI, 847 p. ;
Dimensiones 25 cm.
700 1# - ENTRADA AGREGADA--NOMBRE PERSONAL
Nombre de persona Short, Arthur Rendle.
9 (RLIN) 106156
700 1# - ENTRADA AGREGADA--NOMBRE PERSONAL
Nombre de persona Tous Biaggi, Francisco.
9 (RLIN) 111157
852 ## - LOCALIZACIÓN
Ubicación ES-MaACL
Número de control de estantería B-11569
Holdings
Estatus retirado Estado de pérdida Estado de daño No para préstamo Biblioteca de origen Biblioteca actual Ubicación en estantería Fecha de adquisición Fuente de adquisición Total de préstamos Signatura topográfica completa Código de barras Visto por última vez Precio de reemplazo Tipo de ítem Koha
        Biblioteca del Ateneo de Madrid Biblioteca del Ateneo de Madrid Sala Pardo Bazán 17/01/2008     B-11569 1149870 23/02/2023 23/02/2023 Libro impreso